Score 0/52 Timer 05:00
0 Plays Today
Hint Word % Correct
Lion soundROAR
98.1%
Fly like an eagleSOAR
96.3%
''There walks a lady we all ____.''KNOW
95.8%
Not a handFOOT
94.8%
Sky flakesSNOW
94.6%
Chimney dirtSOOT
94.5%
Not a wise manFOOL
93.7%
Lemony dispositionSOUR
93.6%
Not fair in baseballFOUL
93.5%
''And as we wind on down the ____''ROAD
92.4%
Hair tangleKNOT
92.3%
Not badGOOD
92.1%
BoogerSNOT
91.7%
''Our shadows taller than our ____''SOUL
91.4%
Not foundLOST
91.1%
Not slowFAST
90.9%
''The tune will come to you at ____''LAST
89.9%
''How everything still turns to ____''GOLD
88.7%
Feathered friendBIRD
84.8%
Outdoor garmentCOAT
83.3%
Stolen goodsLOOT
82.5%
Hen penCOOP
82.3%
Derriere soundFART
82.1%
''Who shines white light and wants to ____''SHOW
81.7%
GunkGOOP
81.2%
UntamedWILD
80.2%
Hint Word % Correct
''And if you listen very ____''HARD
79.4%
Unwanted plantWEED
78.8%
Chinese dogCHOW
78.5%
Plant embryoSEED
77.8%
Unite metalsWELD
77.7%
Foolish old manCOOT
77.7%
Not an adult yetTEEN
77.5%
Tool storage structureSHED
77.1%
Not nowTHEN
76.8%
Poem reciterBARD
76.8%
Thick meat sliceCHOP
76.5%
Road chargeTOLL
76.4%
Talk or type sociallyCHAT
74.5%
InformedTOLD
73.1%
''To be a rock and not to ____''ROLL
71.3%
Old male deerHART
70.3%
''And ____ buying a stairway to heaven.''SHE'S
69.8%
Cover with AuGILD
69.5%
Encircle with a beltGIRD
68.7%
''____ all are one and one is all''WHEN
67.6%
Abbott's second basemanWHAT
66.7%
Stimulate appetiteWHET
64.3%
Angry (with off)TEED
61%
Two or three in slothsTOED
60.6%
VolitionWILL
57.4%
Small streamRILL
53.5%

Today's Daily Dose

Remove Ads.
Support Sporcle.
Get the best of Sporcle when you Go Orange. This ad-free experience offers more features, more stats, and more fun while also helping to support Sporcle. Thank you for becoming a member.

You're not logged in!

Compare scores with friends on all Sporcle quizzes.
OR
Log In

Show Comments

Extras

Top Quizzes Today


Score Distribution

Your Account Isn't Verified!

In order to create a playlist on Sporcle, you need to verify the email address you used during registration. Go to your Sporcle Settings to finish the process.

Report this User

Report this user for behavior that violates our Community Guidelines.

Details: